<?xml version="1.0" encoding="UTF-8"?>
<record
    xmlns:xsi="http://www.w3.org/2001/XMLSchema-instance"
    xsi:schemaLocation="http://www.loc.gov/MARC21/slim http://www.loc.gov/standards/marcxml/schema/MARC21slim.xsd"
    xmlns="http://www.loc.gov/MARC21/slim">

  <leader>01741nam a2200313 a 4500</leader>
  <controlfield tag="001">BRCA_5140</controlfield>
  <controlfield tag="005">20190320204945.0</controlfield>
  <controlfield tag="008">221110s1861----mx-######v---#000-0#spa-#</controlfield>
  <datafield tag="041" ind1=" " ind2=" ">
    <subfield code="a">spa</subfield>
  </datafield>
  <datafield tag="044" ind1=" " ind2=" ">
    <subfield code="a">mx</subfield>
  </datafield>
  <datafield tag="084" ind1=" " ind2=" ">
    <subfield code="a">DOC132</subfield>
    <subfield code="b">.M37</subfield>
    <subfield code="c">1861</subfield>
  </datafield>
  <datafield tag="100" ind1="1" ind2=" ">
    <subfield code="a">M&#xE1;rquez, Leonardo</subfield>
    <subfield code="d">1820-1913</subfield>
    <subfield code="9">10652</subfield>
  </datafield>
  <datafield tag="245" ind1="1" ind2="0">
    <subfield code="a">Documento firmado por Don Leonardo M&#xE1;rquez</subfield>
    <subfield code="c">Leonardo M&#xE1;rquez ; Ignacio Butr&#xF3;n.</subfield>
  </datafield>
  <datafield tag="260" ind1=" " ind2=" ">
    <subfield code="a">M&#xE9;xico</subfield>
    <subfield code="c">1861</subfield>
  </datafield>
  <datafield tag="300" ind1=" " ind2=" ">
    <subfield code="a">[3] fojas</subfield>
    <subfield code="c">23 x 17 cm.</subfield>
  </datafield>
  <datafield tag="500" ind1=" " ind2=" ">
    <subfield code="a">Documento firmado en Ilmiquiluca el 24 de junio de 1861.</subfield>
  </datafield>
  <datafield tag="500" ind1=" " ind2=" ">
    <subfield code="a">Documento en el cu&#xE1;l Leonardo M&#xE1;rquez escribe al due&#xF1;o, administrador o encargado de la Hacienda o del Mayorazgo, comunic&#xE1;ndole la urgencia de que sit&#xFA;e </subfield>
    <subfield code="6">,000 en dicha plaza por orden del se&#xF1;or Presidente Interino  [F&#xE9;lix Zuloaga] con el car&#xE1;cter de devoluci&#xF3;n para los gastos necesarios.</subfield>
  </datafield>
  <datafield tag="500" ind1=" " ind2=" ">
    <subfield code="a">Contiene anexo de recibo de dicha cantidad firmado por Ignacio Butr&#xF3;n y cuya medida es de 11 x 17 cm.</subfield>
  </datafield>
  <datafield tag="500" ind1=" " ind2=" ">
    <subfield code="a">Al margen dos sellos, el primero con el escudo nacional e inscripci&#xF3;n: &#xB4;EJERCITO NACIONAL. BRIGADA BUTR&#xD3;N&#xB4; y el segundo con la inscripci&#xF3;n: &#xB4;SECCI&#xD3;N DE REGISTRO DE CREDITOS. PRESENTADO PARA LOS EFECTOS DEL DECRETO DE 22 DE SEPTIEMBRE DE 1861&#xB4;.</subfield>
  </datafield>
  <datafield tag="500" ind1=" " ind2=" ">
    <subfield code="a">El documento contiene la leyenda DOC. #300.</subfield>
  </datafield>
  <datafield tag="506" ind1="0" ind2=" ">
    <subfield code="a">Fondo Reservado. Para su consulta es necesario credencial de usuario y carta de motivos.</subfield>
  </datafield>
  <datafield tag="546" ind1=" " ind2=" ">
    <subfield code="a">Texto en: espa&#xF1;ol de mediados del siglo XIX.</subfield>
  </datafield>
  <datafield tag="600" ind1="1" ind2="4">
    <subfield code="a">M&#xE1;rquez, Leonardo</subfield>
    <subfield code="d">1820-1913</subfield>
    <subfield code="x">Historia</subfield>
    <subfield code="9">13130</subfield>
  </datafield>
  <datafield tag="650" ind1="1" ind2="4">
    <subfield code="a">Documentos legales</subfield>
    <subfield code="v">Manuscritos</subfield>
    <subfield code="x">Historia</subfield>
    <subfield code="9">12814</subfield>
  </datafield>
  <datafield tag="651" ind1=" " ind2="4">
    <subfield code="a">M&#xE9;xico</subfield>
    <subfield code="x">Historia</subfield>
    <subfield code="y">Constituci&#xF3;n y reforma, 1855-1863</subfield>
    <subfield code="9">13131</subfield>
  </datafield>
  <datafield tag="700" ind1="1" ind2=" ">
    <subfield code="a">Butr&#xF3;n, Ignacio</subfield>
    <subfield code="9">13132</subfield>
  </datafield>
  <datafield tag="902" ind1=" " ind2=" ">
    <subfield code="a">FDH</subfield>
  </datafield>
  <datafield tag="942" ind1=" " ind2=" ">
    <subfield code="2">lcc</subfield>
    <subfield code="c">D</subfield>
  </datafield>
  <datafield tag="999" ind1=" " ind2=" ">
    <subfield code="c">4834</subfield>
    <subfield code="d">4834</subfield>
  </datafield>
  <datafield tag="952" ind1=" " ind2=" ">
    <subfield code="0">0</subfield>
    <subfield code="1">0</subfield>
    <subfield code="4">0</subfield>
    <subfield code="7">0</subfield>
    <subfield code="a">BRCA</subfield>
    <subfield code="b">BRCA</subfield>
    <subfield code="d">2010-11-22</subfield>
    <subfield code="l">0</subfield>
    <subfield code="o">DOC132 .M37 1861</subfield>
    <subfield code="p">5484</subfield>
    <subfield code="r">2019-03-22 00:00:00</subfield>
    <subfield code="w">2019-03-22</subfield>
    <subfield code="y">D</subfield>
  </datafield>
</record>
